[Event "European Rapid Championship 2021"]
[Site "Katowice"]
[Date "2021.12.18"]
[Round "6.6"]
[White "Sliwicki, Damian"]
[Black "Pultinevicius, Paulius"]
[Result "0-1"]
[WhiteElo "2107"]
[BlackElo "2536"]
[Annotator "ChessBase"]
[PlyCount "74"]
[EventDate "2021.12.18"]
[EventType "swiss"]
[EventCountry "POL"]
[SourceTitle "playchess.com"]
[Source "ChessBase"]
[SourceQuality "1"]
[TimeControl "900+10"]

1. e4 {[%emt 0:00:02]} c6 {[%emt 0:00:00]} 2. Nc3 {[%emt 0:00:03]} d5 {[%emt 0:
00:01]} 3. Nf3 {[%emt 0:00:00]} dxe4 {[%emt 0:00:01]} 4. Nxe4 {[%emt 0:00:01]}
Nf6 {[%emt 0:00:01]} 5. Qe2 {[%emt 0:00:02]} Nxe4 {[%emt 0:00:01]} 6. Qxe4 {
[%emt 0:00:01]} Be6 {[%emt 0:00:00]} 7. d4 {[%emt 0:00:25]} Nd7 {[%emt 0:00:06]
} 8. Bd2 {[%emt 0:00:09]} Nf6 {[%emt 0:00:02]} 9. Qh4 {[%emt 0:00:03]} Bd5 {
[%emt 0:00:15]} 10. Bd3 {[%emt 0:01:14]} Bxf3 {[%emt 0:00:02]} 11. gxf3 {
[%emt 0:00:01]} g6 {[%emt 0:00:01]} 12. O-O-O {[%emt 0:00:56]} Bg7 {[%emt 0:00:
01]} 13. f4 {[%emt 0:00:46]} e6 {[%emt 0:00:01]} 14. f5 {[%emt 0:00:27]} Nd5 {
[%emt 0:00:11]} 15. Qh3 {[%emt 0:00:39]} exf5 {[%emt 0:00:10]} 16. Rde1+ {
[%emt 0:01:04]} Kf8 {[%emt 0:00:01]} 17. Rhg1 {[%emt 0:00:17]} Bxd4 {[%emt 0:
00:42]} 18. Bxf5 {[%emt 0:01:40]} Bg7 {[%emt 0:02:37]} 19. c4 {[%emt 0:01:47]}
Nb6 {[%emt 0:00:54]} 20. Rd1 {[%emt 0:02:18]} Kg8 {[%emt 0:01:33]} 21. Bc3 {
[%emt 0:00:50]} Qf8 {[%emt 0:00:04]} 22. Qd3 {[%emt 0:01:01]} Bxc3 {[%emt 0:00:
32]} 23. Qxc3 {[%emt 0:00:10]} Qg7 {[%emt 0:00:01]} 24. Qc2 {[%emt 0:00:13]}
Qf6 {[%emt 0:00:02]} 25. Rg3 {[%emt 0:00:46]} Kg7 {[%emt 0:00:56]} 26. Rdg1 {
[%emt 0:00:32]} Rhe8 {[%emt 0:00:01]} 27. h4 {[%emt 0:00:14]} Re5 {[%emt 0:00:
01]} 28. Bd3 {[%emt 0:01:29]} Rae8 {[%emt 0:00:01]} 29. Qd2 {[%emt 0:00:01]}
Na4 {[%emt 0:00:33]} 30. Re3 {[%emt 0:02:35]} Rxe3 {[%emt 0:00:06]} 31. fxe3 {
[%emt 0:00:00]} Rd8 {[%emt 0:00:15]} 32. Qc2 {[%emt 0:00:30]} Rxd3 {[%emt 0:00:
25]} 33. Qxa4 {[%emt 0:00:06]} Rxe3 {[%emt 0:00:04]} 34. Qxa7 {[%emt 0:00:02]}
Re2 {[%emt 0:00:32]} 35. Qa3 {[%emt 0:00:23]} Qf4+ {[%emt 0:00:19]} 36. Kb1 {
[%emt 0:00:00]} Qe4+ {[%emt 0:00:01]} 37. Ka1 {[%emt 0:00:01]} Re1+ {[%emt 0:
00:02]} 0-1

[Event "European Rapid Championship 2021"]
[Site "Katowice"]
[Date "2021.12.18"]
[Round "6.7"]
[White "Kalogeris, Ioannis"]
[Black "Sumets, Andrey"]
[Result "0-1"]
[WhiteElo "2357"]
[BlackElo "2508"]
[Annotator "ChessBase"]
[PlyCount "124"]
[EventDate "2021.12.18"]
[EventType "swiss"]
[EventCountry "POL"]
[SourceTitle "playchess.com"]
[Source "ChessBase"]
[SourceQuality "1"]
[TimeControl "900+10"]

1. e4 {[%emt 0:00:04]} c6 {[%emt 0:00:09]} 2. d4 {[%emt 0:00:12]} d5 {[%emt 0:
00:02]} 3. e5 {[%emt 0:00:40]} Bf5 {[%emt 0:00:03]} 4. Nf3 {[%emt 0:00:07]} e6
{[%emt 0:00:03]} 5. Nbd2 {[%emt 0:00:01]} c5 {[%emt 0:02:17]} 6. dxc5 {[%emt 0:
00:50]} Bxc5 {[%emt 0:00:24]} 7. Nb3 {[%emt 0:01:00]} Bb6 {[%emt 0:00:10]} 8.
Nfd4 {[%emt 0:01:24]} Ne7 {[%emt 0:01:35]} 9. h4 {[%emt 0:01:04]} h6 {[%emt 0:
01:18]} 10. h5 {[%emt 0:02:12]} Nbc6 {[%emt 0:00:18]} 11. Nxf5 {[%emt 0:01:15]}
Nxf5 {[%emt 0:00:02]} 12. g4 {[%emt 0:00:43]} Nfe7 {[%emt 0:02:45]} 13. f4 {
[%emt 0:00:15]} d4 {[%emt 0:00:29]} 14. Bd3 {[%emt 0:03:53]} Nd5 {[%emt 0:00:
09]} 15. a3 {[%emt 0:00:09]} Ne3 {[%emt 0:03:15]} 16. Qf3 {[%emt 0:00:08]} Rc8
{[%emt 0:00:01]} 17. Bxe3 {[%emt 0:00:26]} dxe3 {[%emt 0:00:05]} 18. O-O-O {
[%emt 0:00:02]} Qe7 {[%emt 0:00:30]} 19. Qe4 {[%emt 0:00:12]} Rd8 {[%emt 0:00:
13]} 20. Bb5 {[%emt 0:00:26]} Qc7 {[%emt 0:00:30]} 21. c4 {[%emt 0:01:39]} O-O
{[%emt 0:01:04]} 22. Bxc6 {[%emt 0:00:58]} bxc6 {[%emt 0:03:07]} 23. c5 {
[%emt 0:00:02]} Ba5 {[%emt 0:00:01]} 24. Rd6 {[%emt 0:00:19]} Rb8 {[%emt 0:00:
11]} 25. Qxe3 {[%emt 0:00:20]} Qb7 {[%emt 0:00:01]} 26. Kc2 {[%emt 0:00:05]}
Bc7 {[%emt 0:00:10]} 27. Rd7 {[%emt 0:00:09]} a5 {[%emt 0:00:02]} 28. a4 {
[%emt 0:00:13]} Qb4 {[%emt 0:00:13]} 29. Rd4 {[%emt 0:00:24]} Qb7 {[%emt 0:00:
06]} 30. g5 {[%emt 0:00:03]} hxg5 {[%emt 0:00:17]} 31. h6 {[%emt 0:00:08]} g6 {
[%emt 0:00:27]} 32. h7+ {[%emt 0:00:05]} Kh8 {[%emt 0:00:02]} 33. fxg5 {
[%emt 0:00:03]} Bd8 {[%emt 0:00:01]} 34. Rh3 {[%emt 0:00:17]} Be7 {[%emt 0:00:
06]} 35. Qf4 Qa7 {[%emt 0:00:39]} 36. Rhd3 {[%emt 0:00:20]} Rb7 {[%emt 0:00:03]
} 37. Rd6 {[%emt 0:00:11]} Rb4 {[%emt 0:00:07]} 38. Qg3 {[%emt 0:00:30]} Bxd6 {
[%emt 0:00:05]} 39. exd6 {[%emt 0:00:03]} Rxb3 {[%emt 0:00:12]} 40. Kxb3 {
[%emt 0:00:14]} Qxc5 {[%emt 0:00:03]} 41. d7 {[%emt 0:00:18]} Rd8 {[%emt 0:00:
13]} 42. Ka2 {[%emt 0:00:28]} Qc4+ {[%emt 0:00:16]} 43. Kb1 {[%emt 0:00:01]}
Qe4 {[%emt 0:00:01]} 44. Qd6 {[%emt 0:00:17]} Kxh7 {[%emt 0:00:27]} 45. b3 {
[%emt 0:00:00]} c5 {[%emt 0:00:04]} 46. Kb2 {[%emt 0:00:09]} Kg7 {[%emt 0:00:
06]} 47. Rd2 {[%emt 0:00:10]} Qe3 {[%emt 0:00:08]} 48. Rc2 {[%emt 0:00:28]}
Qxg5 {[%emt 0:00:17]} 49. Rxc5 {[%emt 0:00:05]} Qg2+ {[%emt 0:00:12]} 50. Ka3 {
[%emt 0:00:06]} Qb7 {[%emt 0:00:02]} 51. Rc7 {[%emt 0:00:04]} Qd5 {[%emt 0:00:
07]} 52. Qe7 {[%emt 0:00:24]} Qd1 {[%emt 0:00:10]} 53. b4 {[%emt 0:00:11]} Qa1+
{[%emt 0:00:07]} 54. Kb3 {[%emt 0:00:01]} Qb1+ {[%emt 0:00:01]} 55. Ka3 {
[%emt 0:00:07]} Qa1+ {[%emt 0:00:28]} 56. Kb3 {[%emt 0:00:01]} Qd1+ {[%emt 0:
00:10]} 57. Kb2 {[%emt 0:00:16]} Qd4+ {[%emt 0:00:06]} 58. Kb3 {[%emt 0:00:14]}
Qd3+ {[%emt 0:00:05]} 59. Kb2 {[%emt 0:00:02]} Qd2+ {[%emt 0:00:15]} 60. Kb3 {
[%emt 0:00:07]} Qd5+ {[%emt 0:00:03]} 61. Ka3 {[%emt 0:00:23]} axb4+ {[%emt 0:
00:06]} 62. Kb2 {[%emt 0:00:16]} Qe5+ {[%emt 0:00:01]} 0-1

[Event "European Rapid Championship 2021"]
[Site "Katowice"]
[Date "2021.12.18"]
[Round "6.7"]
[White "Rigopoulos-Tsigkos, Alexandros"]
[Black "Kjartansson, Gudmundur"]
[Result "1/2-1/2"]
[WhiteElo "2076"]
[BlackElo "2402"]
[Annotator "ChessBase"]
[PlyCount "192"]
[EventDate "2021.12.18"]
[EventType "swiss"]
[EventCountry "POL"]
[SourceTitle "playchess.com"]
[Source "ChessBase"]
[SourceQuality "1"]
[TimeControl "900+10"]

1. e4 {[%emt 0:00:02]} c6 {[%emt 0:00:01]} 2. d4 {[%emt 0:00:03]} d5 {[%emt 0:
00:01]} 3. e5 {[%emt 0:00:02]} Bf5 {[%emt 0:00:01]} 4. h4 {[%emt 0:00:02]} h5 {
[%emt 0:00:02]} 5. c4 {[%emt 0:00:02]} e6 {[%emt 0:00:02]} 6. Nc3 {[%emt 0:00:
06]} Ne7 {[%emt 0:01:14]} 7. Bg5 {[%emt 0:00:06]} dxc4 {[%emt 0:00:13]} 8. Bxc4
{[%emt 0:00:13]} Nd7 {[%emt 0:00:04]} 9. Nge2 {[%emt 0:00:24]} Nb6 {[%emt 0:00:
52]} 10. Bb3 {[%emt 0:00:12]} Qd7 {[%emt 0:00:21]} 11. Ng3 {[%emt 0:00:53]} Bg6
{[%emt 0:00:03]} 12. O-O {[%emt 0:01:53]} Nf5 {[%emt 0:00:14]} 13. Nxf5 {
[%emt 0:00:29]} Bxf5 {[%emt 0:00:02]} 14. Qd2 {[%emt 0:00:23]} Be7 {[%emt 0:00:
26]} 15. Rad1 {[%emt 0:00:19]} Bxg5 {[%emt 0:01:32]} 16. Qxg5 {[%emt 0:00:08]}
Qe7 {[%emt 0:00:02]} 17. Qxe7+ {[%emt 0:01:24]} Kxe7 {[%emt 0:00:02]} 18. f3 {
[%emt 0:00:15]} Rag8 {[%emt 0:01:05]} 19. Kf2 {[%emt 0:01:01]} g5 {[%emt 0:01:
20]} 20. hxg5 {[%emt 0:00:14]} Rxg5 {[%emt 0:00:01]} 21. g3 {[%emt 0:00:44]}
Rc8 {[%emt 0:00:26]} 22. Rh1 {[%emt 0:00:40]} c5 {[%emt 0:00:17]} 23. dxc5 {
[%emt 0:01:16]} Rxc5 {[%emt 0:00:18]} 24. f4 {[%emt 0:00:03]} Rg8 {[%emt 0:00:
06]} 25. Rd4 {[%emt 0:00:25]} Bg6 {[%emt 0:01:50]} 26. Rhd1 {[%emt 0:00:39]}
Rgc8 {[%emt 0:00:10]} 27. Na4 {[%emt 0:01:18]} Nxa4 28. Rd7+ {[%emt 0:00:03]}
Kf8 {[%emt 0:00:20]} 29. Bxa4 {[%emt 0:00:05]} b5 {[%emt 0:00:15]} 30. Bb3 {
[%emt 0:00:35]} a5 {[%emt 0:00:05]} 31. Rd8+ {[%emt 0:00:11]} Kg7 {[%emt 0:02:
07]} 32. Rxc8 {[%emt 0:00:10]} Rxc8 {[%emt 0:00:01]} 33. Rd2 {[%emt 0:00:37]}
Rc1 {[%emt 0:00:20]} 34. Rd1 {[%emt 0:00:37]} Rc7 {[%emt 0:00:31]} 35. Rd2 {
[%emt 0:00:01]} Bb1 {[%emt 0:00:33]} 36. a3 {[%emt 0:00:10]} Kg6 {[%emt 0:00:
30]} 37. Bd1 {[%emt 0:00:12]} Be4 {[%emt 0:00:22]} 38. Ke3 {[%emt 0:00:19]} Bf5
{[%emt 0:00:45]} 39. Rh2 {[%emt 0:01:03]} Bg4 {[%emt 0:00:02]} 40. Bc2+ {
[%emt 0:00:17]} f5 {[%emt 0:00:19]} 41. Bd3 {[%emt 0:00:42]} Bd1 {[%emt 0:02:
02]} 42. Bxb5 {[%emt 0:01:04]} a4 {[%emt 0:00:11]} 43. Rd2 {[%emt 0:00:37]} Bb3
{[%emt 0:00:02]} 44. Rh2 {[%emt 0:00:40]} Bd1 {[%emt 0:01:02]} 45. Rh1 {
[%emt 0:00:23]} Bb3 {[%emt 0:00:13]} 46. Be8+ {[%emt 0:00:13]} Kg7 {[%emt 0:00:
02]} 47. Rh2 {[%emt 0:00:16]} Rc8 {[%emt 0:00:31]} 48. Bxh5 {[%emt 0:00:33]}
Rh8 {[%emt 0:00:16]} 49. Rh4 {[%emt 0:00:19]} Bc2 {[%emt 0:00:32]} 50. Kd2 {
[%emt 0:00:01]} Bb3 {[%emt 0:00:20]} 51. Be2 {[%emt 0:00:12]} Rb8 {[%emt 0:00:
58]} 52. Rh2 {[%emt 0:00:38]} Bd5 {[%emt 0:00:11]} 53. Kc1 {[%emt 0:00:13]} Rb3
{[%emt 0:00:18]} 54. Bd1 {[%emt 0:00:12]} Rxg3 {[%emt 0:00:02]} 55. Bxa4 {
[%emt 0:00:08]} Rf3 {[%emt 0:00:07]} 56. Rh4 {[%emt 0:00:09]} Rf2 {[%emt 0:00:
02]} 57. Bc2 {[%emt 0:00:12]} Bf3 {[%emt 0:00:43]} 58. a4 {[%emt 0:00:12]} Bg4
{[%emt 0:00:04]} 59. a5 {[%emt 0:00:13]} Rxf4 {[%emt 0:00:03]} 60. Rh1 {
[%emt 0:00:07]} Rc4 {[%emt 0:00:06]} 61. b3 {[%emt 0:00:22]} Rc5 {[%emt 0:00:
03]} 62. a6 {[%emt 0:00:04]} Ra5 {[%emt 0:00:01]} 63. Kb2 {[%emt 0:00:15]} Rxa6
{[%emt 0:00:01]} 64. b4 {[%emt 0:00:14]} Kg6 {[%emt 0:00:08]} 65. b5 {[%emt 0:
00:01]} Rb6 {[%emt 0:00:01]} 66. Bd3 {[%emt 0:00:01]} Kg5 {[%emt 0:00:01]} 67.
Kc3 {[%emt 0:00:04]} Rb8 {[%emt 0:00:10]} 68. Kb4 {[%emt 0:00:02]} Kf4 {
[%emt 0:00:03]} 69. Re1 {[%emt 0:00:04]} Bf3 {[%emt 0:00:01]} 70. Bc4 {[%emt 0:
00:06]} Be4 {[%emt 0:00:07]} 71. Bxe6 {[%emt 0:00:03]} Kxe5 {[%emt 0:00:02]}
72. Bc4 {[%emt 0:00:07]} Kd4 {[%emt 0:00:09]} 73. Rd1+ {[%emt 0:00:05]} Ke3 {
[%emt 0:00:02]} 74. Re1+ {[%emt 0:00:03]} Kd4 {[%emt 0:00:17]} 75. Rd1+ {
[%emt 0:00:01]} Ke5 {[%emt 0:00:05]} 76. Re1 {[%emt 0:00:01]} Kd4 {[%emt 0:00:
22]} 77. Rd1+ {[%emt 0:00:05]} Ke3 {[%emt 0:00:02]} 78. Re1+ {[%emt 0:00:01]}
Kf2 {[%emt 0:00:05]} 79. Rf1+ {[%emt 0:00:13]} Kg3 {[%emt 0:00:07]} 80. Re1 {
[%emt 0:00:12]} Bg2 {[%emt 0:00:04]} 81. Re3+ {[%emt 0:00:16]} Kg4 {[%emt 0:00:
55]} 82. Be6 {[%emt 0:00:30]} Kf4 {[%emt 0:00:40]} 83. Rc3 {[%emt 0:00:51]} Ke5
{[%emt 0:00:12]} 84. Bd7 {[%emt 0:00:25]} f4 {[%emt 0:00:06]} 85. Rc5+ {
[%emt 0:00:01]} Kd4 {[%emt 0:00:20]} 86. Rc4+ {[%emt 0:00:05]} Ke3 {[%emt 0:00:
02]} 87. Rc3+ {[%emt 0:00:03]} Kd2 {[%emt 0:00:03]} 88. Rc8 {[%emt 0:00:34]}
Rb7 {[%emt 0:00:41]} 89. Bc6 {[%emt 0:00:15]} Bxc6 {[%emt 0:00:03]} 90. Rxc6 {
[%emt 0:00:03]} f3 {[%emt 0:00:03]} 91. Rf6 {[%emt 0:00:03]} Ke3 {[%emt 0:00:
09]} 92. Kc5 {[%emt 0:00:03]} Rc7+ {[%emt 0:00:04]} 93. Kd6 {[%emt 0:00:11]}
Rc4 {[%emt 0:00:04]} 94. b6 {[%emt 0:00:25]} Rb4 {[%emt 0:00:02]} 95. Kc7 {
[%emt 0:00:10]} f2 {[%emt 0:00:02]} 96. Rxf2 {[%emt 0:00:04]} Rxb6 {[%emt 0:00:
03]} 1/2-1/2

[Event "European Rapid Championship 2021"]
[Site "Katowice"]
[Date "2021.12.18"]
[Round "6.8"]
[White "Schneider, Ilja"]
[Black "Budrewicz, Krzysztof"]
[Result "1-0"]
[WhiteElo "2490"]
[BlackElo "2281"]
[Annotator "ChessBase"]
[PlyCount "127"]
[EventDate "2021.12.18"]
[EventType "swiss"]
[EventCountry "POL"]
[SourceTitle "playchess.com"]
[Source "ChessBase"]
[SourceQuality "1"]
[TimeControl "900+10"]

1. e4 {[%emt 0:00:04]} c5 {[%emt 0:00:04]} 2. Nc3 {[%emt 0:00:05]} Nc6 {
[%emt 0:00:08]} 3. Bb5 {[%emt 0:00:10]} d6 {[%emt 0:00:56]} 4. Bxc6+ {[%emt 0:
02:02]} bxc6 {[%emt 0:00:02]} 5. f4 {[%emt 0:00:44]} g6 {[%emt 0:00:48]} 6. b3
{[%emt 0:00:42]} Bg7 {[%emt 0:00:05]} 7. Bb2 {[%emt 0:00:01]} Nf6 {[%emt 0:00:
11]} 8. d3 {[%emt 0:00:23]} O-O {[%emt 0:00:12]} 9. Nf3 {[%emt 0:00:15]} Nh5 {
[%emt 0:00:21]} 10. Qd2 {[%emt 0:00:40]} Qa5 {[%emt 0:00:09]} 11. O-O {[%emt 0:
00:42]} Bh6 {[%emt 0:02:51]} 12. g3 {[%emt 0:02:44]} Bh3 {[%emt 0:00:03]} 13.
Rf2 {[%emt 0:00:08]} e5 {[%emt 0:00:04]} 14. Ne2 {[%emt 0:03:23]} Qd8 {[%emt 0:
00:20]} 15. Qc3 {[%emt 0:01:04]} f6 {[%emt 0:00:17]} 16. Bc1 {[%emt 0:00:16]}
Bg7 {[%emt 0:00:19]} 17. Be3 {[%emt 0:01:07]} Qd7 {[%emt 0:00:27]} 18. fxe5 {
[%emt 0:00:23]} fxe5 {[%emt 0:00:11]} 19. Ng5 {[%emt 0:00:01]} Rxf2 {[%emt 0:
00:49]} 20. Bxf2 {[%emt 0:00:00]} Bh6 {[%emt 0:00:11]} 21. Nxh3 {[%emt 0:00:12]
} Qxh3 {[%emt 0:00:02]} 22. Kh1 {[%emt 0:01:32]} Rf8 {[%emt 0:00:16]} 23. Ng1 {
[%emt 0:00:01]} Qd7 {[%emt 0:00:35]} 24. Qe1 {[%emt 0:00:05]} Nf6 {[%emt 0:00:
07]} 25. h3 {[%emt 0:00:54]} Nh5 {[%emt 0:00:32]} 26. Qe2 {[%emt 0:00:21]} Qe7
{[%emt 0:00:32]} 27. Rf1 {[%emt 0:00:16]} Qg5 {[%emt 0:00:11]} 28. Kh2 {
[%emt 0:00:06]} Qf6 {[%emt 0:00:31]} 29. Kg2 {[%emt 0:00:06]} Qg5 {[%emt 0:01:
10]} 30. Kh2 {[%emt 0:00:01]} Qd8 {[%emt 0:00:58]} 31. Be1 {[%emt 0:00:22]} Nf6
{[%emt 0:00:15]} 32. Kg2 {[%emt 0:00:07]} c4 {[%emt 0:00:32]} 33. bxc4 {
[%emt 0:00:05]} Qb6 {[%emt 0:00:03]} 34. Nf3 {[%emt 0:00:15]} Qb2 {[%emt 0:00:
07]} 35. a4 {[%emt 0:00:12]} c5 {[%emt 0:00:15]} 36. Nh2 {[%emt 0:01:04]} Bg7 {
[%emt 0:00:49]} 37. Rf2 {[%emt 0:00:18]} Qa2 {[%emt 0:00:14]} 38. a5 {[%emt 0:
00:01]} a6 {[%emt 0:00:05]} 39. Ng4 {[%emt 0:00:06]} h5 {[%emt 0:01:05]} 40.
Ne3 {[%emt 0:00:00]} Bh6 {[%emt 0:00:19]} 41. Nd5 {[%emt 0:00:03]} Nxd5 {
[%emt 0:00:16]} 42. exd5 {[%emt 0:00:03]} Rxf2+ {[%emt 0:01:54]} 43. Qxf2 {
[%emt 0:00:01]} Bg7 {[%emt 0:01:11]} 44. Qe2 {[%emt 0:00:12]} Bf6 {[%emt 0:00:
09]} 45. h4 {[%emt 0:00:07]} Bd8 {[%emt 0:00:04]} 46. Qf2 {[%emt 0:00:12]} Kg7
{[%emt 0:00:09]} 47. Bd2 {[%emt 0:00:05]} Qa4 {[%emt 0:00:30]} 48. Qe3 {
[%emt 0:00:58]} Bf6 {[%emt 0:00:12]} 49. Qh6+ {[%emt 0:00:02]} Kf7 {[%emt 0:00:
01]} 50. Qh7+ {[%emt 0:00:01]} Ke8 {[%emt 0:01:20]} 51. Qg8+ {[%emt 0:00:05]}
Kd7 {[%emt 0:00:10]} 52. Qe6+ {[%emt 0:00:01]} Kc7 {[%emt 0:00:00]} 53. Qf7+ {
[%emt 0:00:10]} Kc8 {[%emt 0:00:05]} 54. Qxf6 {[%emt 0:00:06]} Qxc2 {[%emt 0:
00:03]} 55. Qf8+ {[%emt 0:00:06]} Kb7 {[%emt 0:00:02]} 56. Qe7+ {[%emt 0:00:01]
} Kc8 {[%emt 0:00:02]} 57. Qe8+ {[%emt 0:00:01]} Kc7 {[%emt 0:00:05]} 58. Qc6+
{[%emt 0:00:01]} Kb8 {[%emt 0:00:01]} 59. Qb6+ {[%emt 0:00:00]} Ka8 {[%emt 0:
00:14]} 60. Qxa6+ Kb8 {[%emt 0:00:01]} 61. Qxd6+ {[%emt 0:00:00]} Ka8 {[%emt 0:
00:02]} 62. Qd8+ {[%emt 0:00:00]} Kb7 {[%emt 0:00:06]} 63. Qb6+ {[%emt 0:00:00]
} Ka8 {[%emt 0:00:18]} 64. a6 {[%emt 0:00:00]} 1-0

[Event "European Rapid Championship 2021"]
[Site "Katowice"]
[Date "2021.12.18"]
[Round "6.8"]
[White "Reimanis, Ritvars"]
[Black "Dzierzak, Radoslaw"]
[Result "0-1"]
[WhiteElo "2397"]
[BlackElo "2075"]
[Annotator "NA"]
[PlyCount "88"]
[EventDate "2021.12.18"]
[EventType "swiss"]
[EventCountry "POL"]
[SourceTitle "playchess.com"]
[Source "ChessBase"]
[SourceQuality "1"]
[TimeControl "900+10"]

1. Nf3 {[%emt 0:00:10]} Nf6 {[%emt 0:00:02]} 2. d4 {[%emt 0:00:00]} e6 {
[%emt 0:00:02]} 3. c4 {[%emt 0:00:02]} Bb4+ {[%emt 0:00:01]} 4. Bd2 {[%emt 0:
00:02]} a5 {[%emt 0:00:01]} 5. g3 {[%emt 0:00:02]} d6 {[%emt 0:00:02]} 6. Bg2 {
[%emt 0:00:01]} Nbd7 {[%emt 0:00:01]} 7. O-O {[%emt 0:00:06]} e5 {[%emt 0:00:
01]} 8. e4 {[%emt 0:01:26]} O-O {[%emt 0:00:35]} 9. Bg5 {[%emt 0:01:00]} exd4 {
[%emt 0:00:10]} 10. Nxd4 {[%emt 0:00:17]} h6 {[%emt 0:00:03]} 11. Be3 {[%emt 0:
00:20]} Ne5 {[%emt 0:01:08]} 12. Qc2 {[%emt 0:01:13]} Nfg4 {[%emt 0:01:43]} 13.
Bf4 {[%emt 0:02:23]} Bc5 {[%emt 0:00:24]} 14. Qc3 {[%emt 0:00:57]} c6 {[%emt 0:
01:56]} 15. Na3 {[%emt 0:03:05]} Qb6 {[%emt 0:02:57]} 16. Rad1 {[%emt 0:00:22]}
Bd7 {[%emt 0:00:59]} 17. h3 {[%emt 0:01:23]} Nf6 {[%emt 0:00:02]} 18. Nac2 {
[%emt 0:00:41]} Ng6 {[%emt 0:00:36]} 19. Bc1 {[%emt 0:00:56]} Rfe8 {[%emt 0:00:
18]} 20. Rde1 {[%emt 0:00:35]} Re7 {[%emt 0:01:07]} 21. Nb3 {[%emt 0:01:49]}
Rae8 {[%emt 0:02:21]} 22. Nxc5 {[%emt 0:00:08]} Qxc5 {[%emt 0:00:02]} 23. Bxh6
{[%emt 0:00:09]} Qh5 {[%emt 0:00:12]} 24. Bf4 {[%emt 0:00:41]} Nxf4 {[%emt 0:
00:19]} 25. gxf4 {[%emt 0:00:02]} Nxe4 {[%emt 0:00:10]} 26. Qa3 {[%emt 0:00:12]
} Qc5 {[%emt 0:01:29]} 27. Qxc5 {[%emt 0:00:44]} Nxc5 {[%emt 0:00:03]} 28. Rxe7
{[%emt 0:00:16]} Rxe7 {[%emt 0:00:01]} 29. Nd4 {[%emt 0:00:00]} Nd3 {[%emt 0:
00:25]} 30. f5 {[%emt 0:00:09]} c5 {[%emt 0:01:11]} 31. f6 {[%emt 0:00:01]}
gxf6 {[%emt 0:00:01]} 32. Nb3 {[%emt 0:00:33]} Nxb2 {[%emt 0:01:05]} 33. Nxa5 {
[%emt 0:00:06]} b6 {[%emt 0:00:01]} 34. Rb1 {[%emt 0:00:04]} Re2 {[%emt 0:00:
01]} 35. Bf1 {[%emt 0:00:08]} Rc2 {[%emt 0:00:08]} 36. Nb7 {[%emt 0:00:06]}
Nxc4 {[%emt 0:00:35]} 37. Bxc4 {[%emt 0:00:16]} Rxc4 {[%emt 0:00:02]} 38. Rxb6
{[%emt 0:00:18]} Rb4 {[%emt 0:00:36]} 39. Rxb4 {[%emt 0:00:37]} cxb4 {[%emt 0:
00:01]} 40. Nxd6 {[%emt 0:00:05]} Be6 {[%emt 0:00:03]} 41. Kg2 {[%emt 0:00:19]}
Bxa2 {[%emt 0:00:02]} 42. Kg3 {[%emt 0:00:05]} Be6 {[%emt 0:00:26]} 43. Ne4 {
[%emt 0:00:18]} b3 {[%emt 0:00:14]} 44. Nc3 {[%emt 0:00:07]} b2 {[%emt 0:00:07]
} 0-1

[Event "European Rapid Championship 2021"]
[Site "Katowice"]
[Date "2021.12.18"]
[Round "6.9"]
[White "Godzwon, Iwo"]
[Black "Gumularz, Szymon"]
[Result "1/2-1/2"]
[WhiteElo "2352"]
[BlackElo "2452"]
[Annotator "ChessBase"]
[PlyCount "90"]
[EventDate "2021.12.18"]
[EventType "swiss"]
[EventCountry "POL"]
[SourceTitle "playchess.com"]
[Source "ChessBase"]
[SourceQuality "1"]
[TimeControl "900+10"]

1. e4 {[%emt 0:00:01]} c6 {[%emt 0:00:02]} 2. Nf3 {[%emt 0:00:14]} d5 {[%emt 0:
00:02]} 3. Nc3 {[%emt 0:00:00]} Bg4 {[%emt 0:00:05]} 4. h3 {[%emt 0:00:02]}
Bxf3 {[%emt 0:00:03]} 5. Qxf3 {[%emt 0:00:02]} e6 {[%emt 0:00:01]} 6. Be2 {
[%emt 0:01:04]} Bc5 {[%emt 0:00:56]} 7. Qg3 {[%emt 0:01:08]} Bd4 {[%emt 0:00:
26]} 8. O-O {[%emt 0:00:20]} Ne7 {[%emt 0:00:06]} 9. d3 {[%emt 0:00:59]} Nd7 {
[%emt 0:00:35]} 10. Nd1 {[%emt 0:00:24]} O-O {[%emt 0:00:09]} 11. c3 {[%emt 0:
01:04]} Bb6 {[%emt 0:00:02]} 12. Bg5 {[%emt 0:00:49]} Kh8 {[%emt 0:00:34]} 13.
exd5 {[%emt 0:00:37]} cxd5 {[%emt 0:00:08]} 14. d4 {[%emt 0:00:05]} Nf5 {
[%emt 0:00:46]} 15. Qg4 Nf6 16. Qf3 {[%emt 0:00:41]} h6 {[%emt 0:03:48]} 17.
Bxf6 {[%emt 0:01:06]} Qxf6 {[%emt 0:00:01]} 18. Ne3 {[%emt 0:00:01]} g6 {
[%emt 0:01:03]} 19. Bd3 {[%emt 0:00:59]} Qg5 {[%emt 0:00:29]} 20. Rae1 {
[%emt 0:01:08]} Bc7 {[%emt 0:00:18]} 21. Qg4 {[%emt 0:01:47]} Qf6 {[%emt 0:00:
26]} 22. Qf3 {[%emt 0:00:17]} Rad8 {[%emt 0:00:45]} 23. g3 {[%emt 0:01:21]} Qg5
{[%emt 0:00:16]} 24. Qg4 {[%emt 0:00:21]} Kg7 {[%emt 0:01:40]} 25. Kg2 {
[%emt 0:00:42]} Nd6 {[%emt 0:00:37]} 26. h4 {[%emt 0:01:01]} Qxg4 {[%emt 0:01:
59]} 27. Nxg4 {[%emt 0:00:01]} h5 {[%emt 0:00:08]} 28. Ne5 {[%emt 0:00:01]} Nc8
{[%emt 0:00:13]} 29. Re2 {[%emt 0:00:24]} Ne7 {[%emt 0:00:04]} 30. Rfe1 {
[%emt 0:00:12]} a6 {[%emt 0:00:04]} 31. a4 {[%emt 0:00:14]} Bd6 {[%emt 0:00:43]
} 32. Nf3 {[%emt 0:00:59]} Rc8 {[%emt 0:00:07]} 33. Rc2 {[%emt 0:00:38]} Rc6 {
[%emt 0:00:09]} 34. Rec1 {[%emt 0:00:24]} Rfc8 {[%emt 0:00:04]} 35. c4 dxc4 {
[%emt 0:00:11]} 36. Rxc4 {[%emt 0:00:18]} Rxc4 {[%emt 0:01:50]} 37. Rxc4 {
[%emt 0:00:01]} Rxc4 {[%emt 0:00:23]} 38. Bxc4 {[%emt 0:00:01]} Kf6 {[%emt 0:
00:01]} 39. Kf1 {[%emt 0:00:16]} Bb8 {[%emt 0:00:25]} 40. Ke2 {[%emt 0:00:07]}
Nf5 {[%emt 0:00:25]} 41. Bd3 {[%emt 0:00:47]} Ba7 {[%emt 0:00:07]} 42. Be4 {
[%emt 0:00:01]} Nd6 {[%emt 0:00:10]} 43. Bd3 {[%emt 0:00:34]} a5 {[%emt 0:00:
05]} 44. b3 {[%emt 0:00:08]} Ke7 {[%emt 0:01:09]} 45. Bc4 {[%emt 0:00:31]} Ne4
{[%emt 0:00:37]} 1/2-1/2